| 000 | 00365nam a22001577a 4500 | ||
|---|---|---|---|
| 003 | CEME | ||
| 005 | 20210628203024.0 | ||
| 008 | 210415b xxu||||| |||| 00| 0 eng d | ||
| 040 | _c. | ||
| 082 | _a910 HAQ'B | ||
| 100 |
_aHaqqani, Irshad Ahmed _962915 |
||
| 245 | _aBasti basti nagar nagar | ||
| 260 |
_aLAHORE _bJANG _c1990 |
||
| 300 | _a176P | ||
| 942 |
_cBK _2ddc |
||
| 999 |
_c571868 _d571868 |
||